00830nam a2200265 a 4500001001300000003000900013005001700022008004100039020002300080082001600103100001500119245007600134260004400210300000900254500003500263505001100298650002600309650004000335650001300375700001500388902000800403942000700411952012900418999001700547nice12345678IN_TiNIC20260116013651.0050524s1994 lona grp 000 0 eng  a0195876 c12500a934.07bLIU aLiu, Xinru aAncient India and Ancient China Trade and Religious Exchanges, AD 1-600 aLondan bOxford University Press c1994 a231p aincludes index and biblioraphy2 aPlates aIndia-History Ancient aInternational Relations-India-China aBuddhism1 aLiu, Xinru bSRS cBK 001040708StackRoom-aHMIbHMId2007-04-02g125.00l1o934.07 LIUp016903r2018-09-12s2018-09-04v125.00w2005-05-24yBK c11878d11878